1984 - Le roman - Statistiques

Statistiques générales
  • Ce quiz a été pris 8 292 fois
    8 243 depuis la dernière actualisation
  • Le résultat moyen est 7 sur 18
Statistiques - réponses
Question Réponse % Correct
Qui a écrit ce livre ? George Orwell
97%
Comment s’appelle le dirigeant dont le visage est placardé dans les rues ? Big Brother
79%
A quel sous-genre de la science fiction appartient ce roman ? La dystopie
74%
Combien font 2 et 2 ? 5
56%
Comment s’appelle la langue officielle, censé être plus simple ? Le novlangue
44%
Quel organe est en charge des mensonges d'Etat et de la propagande ? Le Ministère de la {Vérité}
41%
Quel organe s'occupe de ce qui touche à la guerre ? Le Ministère de la {Paix}
37%
Contre quel pays ont-ils toujours été en guerre ? L’Eurasia
32%
Quel nom porte la police politique qui surveille la population et traque ceux qui défient l’autorité ? Police de la {Pensée}
32%
Quel organe supervise la torture ainsi que le lavage de cerveau ? Le Ministère de l'{Amour}
31%
Dans quel pays vit-il ? L'Océania
31%
Comment s’appelle le personnage central du roman ? Winston Smith
28%
De quoi le personnage principal a-t-il une phobie ? Les rats
24%
Quelle technologie permet au parti de diffuser sa propagande et de surveiller les foyers en même temps ? Le télécran
23%
Sauf quand ils sont en guerre contre… L’Estasia
20%
De qui le personnage principal tombe-t-il amoureux ? Julia
18%
Comment appelle-t-on les 2% de la population constituant la classe dirigeante ? Parti {intérieur}
14%
Qui est « l’ennemi du peuple » contre qui les Deux Minutes de la Haine sont diffusées chaque jour ? Emmanuel Goldstein
13%
Aucun quiz correspondant
Distribution des résultats
% des personnes avec chaque résultat
Percentile par nombre de réponses
Votre historique - résultats
Vous n’avez pas pris ce quiz depuis la dernière actualisation